Sports Quiz

Random Sports or Soccer Quiz

Sochaux Legends Quiz Stats

 Plays Quiz not verified by Sporcle

Score 0/15 Timer 05:00
0 Plays Today
% Correct
Jérémy Mathieu
100%
Pierre-Alain Frau
98.1%
Benoît Pedretti
96.3%
Teddy Richert
94.4%
Bernard Genghini
90.7%
Mécha Baždarević
87%
Stéphane Paille
85.2%
Faruk Hadžibegić
81.5%
% Correct
Franck Silvestre
74.1%
Yannick Stopyra
68.5%
Albert Rust
64.8%
Georges Lech
59.3%
Roger Courtois
53.7%
Étienne Mattler
48.1%
Bernard Bosquier
33.3%

You're not logged in!

Compare scores with friends on all Sporcle quizzes.
OR
Log In

Sporcle TV

Today on Sporcle TV


Watch our educational content, quiz creation guides, and fun videos on Sporcle TV.

Show Comments

Extras

Top Quizzes Today


Score Distribution

Your Account Isn't Verified!

In order to create a playlist on Sporcle, you need to verify the email address you used during registration. Go to your Sporcle Settings to finish the process.

Report this User

Report this user for behavior that violates our Community Guidelines.

Details: